Statystyki dla Zwierzęta na literę H

Kliknij tutaj aby rozwiązać quiz!

Ogólne statystyki

  • Ten quiz został rozwiązany 127 razy
  • Średni wynik to 3 z 5

Statystyki odpowiedzi

Zwierzę% Poprawnych
hiena
91%
hipopotam
80%
homar
41%
halibut
30%
harpia
20%

Rozkład punktacji

Percentyl według liczby udzielonych odpowiedzi

Procent ludzi z każdym wynikiem

Twoja historia wyników

Nie rozwiązałeś tego quizu